| 000 | 00455nam a22001457a 4500 | ||
|---|---|---|---|
| 003 | BDDh-ASL | ||
| 005 | 20231015031111.0 | ||
| 008 | 230125n xx ||||| |||| 00| 0 p d | ||
| 040 |
_aBDDh-ASL _cBDDh-ASL |
||
| 041 | _aper | ||
| 082 |
_a297 _bDAB |
||
| 245 | 0 | 0 | _aDabestan-e Mazāhib : / دبستان مذاهب |
| 650 | 0 |
_aReligion, ধর্ম, Dharma, faith, creed, law, worship, property, আস্তিকতা, দীন _92606 |
|
| 942 |
_2ddc _cBK |
||
| 999 |
_c30027 _d30027 |
||